Biggest Cities Starting With J - World - Statistics

General Stats
  • This quiz has been taken 44 times
  • The average score is 3 of 15
Answer Stats
Hint Answer % Correct
8 Million Jakarta
95%
2 Million Johannesburg
65%
2.7 Million Jaipur
58%
2.8 Million Jeddah
47%
4 Million Jinan
35%
1.8 Million Jilin
14%
1.3 Million Jamshedpur
5%
1.7 Million Jiangyin
2%
1.24 Million Jining
2%
1.79 Million Jiangmen
0%
1.1 Million Jiaxing
0%
1.89 Million Jieyang
0%
1.46 Million Jinhua
0%
1.4 Million Jinjiang
0%
1.2 Million Jinzhong
0%
No matching quizzes found
Score Distribution
Percent of People with Each Score
Percentile by Number Answered
Your Score History
You have not taken this quiz